<?xml version="1.0" encoding="UTF-8"?>
<record
    xmlns:xsi="http://www.w3.org/2001/XMLSchema-instance"
    xsi:schemaLocation="http://www.loc.gov/MARC21/slim http://www.loc.gov/standards/marcxml/schema/MARC21slim.xsd"
    xmlns="http://www.loc.gov/MARC21/slim">

  <leader>01265nam a2200181 a 4500</leader>
  <controlfield tag="001">416</controlfield>
  <controlfield tag="003">CO-ViMGA</controlfield>
  <controlfield tag="008">141112s2004    ck      r     000 u spa d</controlfield>
  <datafield tag="040" ind1=" " ind2=" ">
    <subfield code="a">CO-ViMGA</subfield>
    <subfield code="b">spa</subfield>
    <subfield code="c">CO-ViMGA</subfield>
  </datafield>
  <datafield tag="082" ind1="0" ind2="4">
    <subfield code="a">616.07566 A733</subfield>
  </datafield>
  <datafield tag="100" ind1="1" ind2=" ">
    <subfield code="a">Argeri, Nelson Jorge</subfield>
    <subfield code="9">48193</subfield>
  </datafield>
  <datafield tag="245" ind1="1" ind2="0">
    <subfield code="a">An&#xE1;lisis de orina : </subfield>
    <subfield code="b">fundamentos y pr&#xE1;ctica / </subfield>
    <subfield code="c">Jorge Argeri Nelson , Lopardo Horacio &#xC1;ngel </subfield>
  </datafield>
  <datafield tag="260" ind1=" " ind2=" ">
    <subfield code="a">Buenos Aires : </subfield>
    <subfield code="b">Medica PanAm&#xE9;ricana, </subfield>
    <subfield code="c">1993</subfield>
  </datafield>
  <datafield tag="300" ind1=" " ind2=" ">
    <subfield code="a">224 p : il</subfield>
  </datafield>
  <datafield tag="505" ind1=" " ind2=" ">
    <subfield code="a">Elementos b&#xE1;sicos de embriolog&#xED;a y anatom&#xED;a renal Sistemas de transporte celular; Sustancias org&#xE1;nicas e inorg&#xE1;nicas 13 - - Importancia fundamental de la colecci&#xF3;n de la muestra destinada al an&#xE1;lisis de orina 21 - - El an&#xE1;lisis de rutina de la orina Fundamentos, interpretaci&#xF3;n; y Tecnicas de las principales pruebas de laboratorio 25 - - Tecnicas que no forman parte del an&#xE1;lisis de rutina de la orina 81 - - Pruebas de funcionalismo renal Interpretaci&#xF3;n cl&#xED;nica. Tecnicas 115 - - Los c&#xE1;lculos urinarios 133 - - Los grandes s&#xED;ndromes en patolog&#xED;a renal 141 - - Las prote&#xED;nas urinarias 149 - - El diagn&#xF3;stico microbiol&#xF3;gico de la infecci&#xF3;n urinaria 163 - - La orina en el diagn&#xF3;stico del embarazo 197  </subfield>
  </datafield>
  <datafield tag="650" ind1="1" ind2="4">
    <subfield code="a">ORINA - ANALISIS</subfield>
    <subfield code="9">48194</subfield>
  </datafield>
  <datafield tag="942" ind1=" " ind2=" ">
    <subfield code="2">ddc</subfield>
    <subfield code="c">BK</subfield>
  </datafield>
  <datafield tag="999" ind1=" " ind2=" ">
    <subfield code="c">12658</subfield>
    <subfield code="d">12658</subfield>
  </datafield>
  <datafield tag="952" ind1=" " ind2=" ">
    <subfield code="0">0</subfield>
    <subfield code="1">0</subfield>
    <subfield code="2">ddc</subfield>
    <subfield code="4">0</subfield>
    <subfield code="7">0</subfield>
    <subfield code="8">002</subfield>
    <subfield code="a">MEVIECAR</subfield>
    <subfield code="b">MEVIECAR</subfield>
    <subfield code="d">2015-12-04</subfield>
    <subfield code="h">Volumen. 1 | 11/jun/2009</subfield>
    <subfield code="l">0</subfield>
    <subfield code="o">616.07566 A733 </subfield>
    <subfield code="p">00807</subfield>
    <subfield code="r">2015-12-04 00:00:00</subfield>
    <subfield code="t">Ej. 1</subfield>
    <subfield code="w">2015-12-04</subfield>
    <subfield code="y">BK</subfield>
  </datafield>
</record>
